2024 US Presidential Election Tickets - Statistics

General Stats
  • This quiz has been taken 116 times
    65 since last reset
  • The average score is 15 of 82
Answer Stats
# States Party Presidential Candidate Vice Presidential Candidate Answer % Correct
50 Republican Party Donald Trump JD Vance Donald Trump
96%
50 Democratic Party Kamala Harris Tim Walz Kamala Harris
96%
50 Democratic Party Kamala Harris Tim Walz Democratic Party
87%
50 Republican Party Donald Trump JD Vance Republican Party
87%
50 Republican Party Donald Trump JD Vance JD Vance
85%
50 Democratic Party Kamala Harris Tim Walz Tim Walz
81%
38 Green Party Jill Stein Butch Ware Green Party
74%
38 Green Party Jill Stein Butch Ware Jill Stein
72%
49 Independent Nicole Shanahan Nicole Shanahan Robert F. Kennedy, Jr.
69%
47 Libertarian Party Chase Oliver Mike ter Maat Libertarian Party
63%
47 Libertarian Party Chase Oliver Mike ter Maat Chase Oliver
52%
15 Independent Cornel West Melina Abdullah Cornel West
37%
1 Socialist Party USA Bill Strodden Stephanie Cholensky Socialist Party USA
37%
49 Independent Party of Delaware Robert F. Kennedy, Jr. Nicole Shanahan Independent Party of Delaware
33%
19 Party for Socialism and Liberation Claudia De la Cruz Karina Garcia Claudia De la Cruz
24%
38 Green Party Jill Stein Butch Ware Butch Ware
22%
12 Constitution Party Randall Terry Stephen Broden Constitution Party
20%
12 Constitution Party of Oregon Randall Terry Stephen Broden Constitution Party of Oregon
20%
3 Constitution Party of Utah and Nevada Joel Skousen Rik Combs Constitution Party of Utah and Nevada
20%
47 Libertarian Party Chase Oliver Mike ter Maat Mike ter Maat
20%
49 Independent Robert F. Kennedy, Jr. Nicole Shanahan Nicole Shanahan
20%
19 Party for Socialism and Liberation Claudia De la Cruz Karina Garcia Party for Socialism and Liberation
19%
49 Reform Party Robert F. Kennedy, Jr. Nicole Shanahan Reform Party
19%
1 Liberal Party USA Laura Ebke Trisha Butler Liberal Party USA
15%
7 American Solidarity Party Peter Sonski Lauren Onak American Solidarity Party
13%
15 Oregon Progressive Party Cornel West Melina Abdullah Oregon Progressive Party
13%
19 Peace and Freedom Party Claudia De la Cruz Karina Garcia Peace and Freedom Party
13%
1 Party Party Robby Wells Tony Jones Party Party
11%
1 Prohibition Party Michael Wood John Pietrowski Prohibition Party
11%
12 Constitution Party Randall Terry Stephen Broden Randall Terry
11%
6 Socialist Workers Party Rachele Fruit Dennis Richter Socialist Workers Party
11%
1 Party Party Robby Wells Tony Jones Tony Jones
11%
1 Conservative Party of Delaware Vermin Supreme Jonathan Realz Conservative Party of Delaware
9%
19 South Carolina Workers Party Claudia De la Cruz Karina Garcia South Carolina Workers Party
9%
1 Pirate Party Vermin Supreme Jonathan Realz Vermin Supreme
9%
49 American Independent Party Robert F. Kennedy, Jr. Nicole Shanahan American Independent Party
7%
15 Green Mountain Peace and Justice Party Cornel West Melina Abdullah Green Mountain Peace and Justice Party
7%
15 Justice For All Party Cornel West Cornel West Justice For All Party
7%
19 Party for Socialism and Liberation Claudia De la Cruz Karina Garcia Karina Garcia
7%
49 Natural Law Party of Michigan Robert F. Kennedy, Jr. Nicole Shanahan Natural Law Party of Michigan
7%
15 Nebraska Legal Marijuana Now Party Cornel West Melina Abdullah Nebraska Legal Marijuana Now Party
7%
7 American Solidarity Party Peter Sonski Lauren Onak Peter Sonski
7%
1 Pirate Party Vermin Supreme Jonathan Realz Pirate Party
7%
49 Alliance Party of South Carolina Robert F. Kennedy, Jr. Nicole Shanahan Alliance Party of South Carolina
6%
1 Approval Voting Party Blake Huber Andrea Denault Approval Voting Party
6%
15 Aurora Party Cornel West Melina Abdullah Aurora Party
6%
7 Independent Shiva Ayyadurai Crystal Ellis Crystal Ellis
6%
1 Independent Jay Bowman De Bowman De Bowman
6%
1 Independent Jay Bowman De Bowman Jay Bowman
6%
3 Constitution Party of Utah and Nevada Joel Skousen Rik Combs Joel Skousen
6%
1 Liberal Party USA Laura Ebke Trisha Butler Laura Ebke
6%
7 American Solidarity Party Peter Sonski Lauren Onak Lauren Onak
6%
1 Independent Lucifer Everylove TBD Lucifer Everylove
6%
15 Independent Cornel West Melina Abdullah Melina Abdullah
6%
1 Prohibition Party Michael Wood John Pietrowski Michael Wood
6%
6 Socialist Workers Party Rachele Fruit Dennis Richter Rachele Fruit
6%
3 Constitution Party of Utah and Nevada Joel Skousen Rik Combs Rik Combs
6%
1 Party Party Robby Wells Tony Jones Robby Wells
6%
3 Socialist Equality Party Joseph Kishore Jerry White Socialist Equality Party
6%
12 Constitution Party Randall Terry Stephen Broden Stephen Broden
6%
15 United Citizens Party Cornel West Melina Abdullah United Citizens Party
6%
15 Unity Party of Colorado Cornel West Melina Abdullah Unity Party of Colorado
6%
1 Approval Voting Party Blake Huber Andrea Denault Andrea Denault
4%
1 Approval Voting Party Blake Huber Andrea Denault Blake Huber
4%
1 Independent Chris Garrity Cody Ballard Chris Garrity
4%
1 Independent Chris Garrity Cody Ballard Cody Ballard
4%
6 Socialist Workers Party Rachele Fruit Dennis Richter Dennis Richter
4%
3 Socialist Equality Party Joseph Kishore Jerry White Jerry White
4%
1 Prohibition Party Michael Wood John Pietrowski John Pietrowski
4%
1 Pirate Party Vermin Supreme Jonathan Realz Jonathan Realz
4%
3 Socialist Equality Party Joseph Kishore Jerry White Joseph Kishore
4%
38 Kentucky Party Jill Stein Butch Ware Kentucky Party
4%
1 Godliness, Truth, Justice Party Mattie Preston Shannel Conner Mattie Preston
4%
7 Independent Shiva Ayyadurai Crystal Ellis Shiva Ayyadurai
4%
1 Socialist Party USA Bill Strodden Stephanie Cholensky Stephanie Cholensky
4%
49 We the People Party Robert F. Kennedy, Jr. Nicole Shanahan We the People Party
4%
1 Socialist Party USA Bill Strodden Stephanie Cholensky Bill Strodden
2%
1 Godliness, Truth, Justice Party Mattie Preston Shannel Conner Godliness, Truth, Justice Party
2%
1 Independent Richard Duncan Mitch Bupp Mitch Bupp
2%
1 Independent Richard Duncan Mitch Bupp Richard Duncan
2%
1 Godliness, Truth, Justice Party Mattie Preston Shannel Conner Shannel Conner
2%
1 Liberal Party USA Laura Ebke Trisha Butler Trisha Butler
2%
No matching quizzes found
Score Distribution
Percent of People with Each Score
Percentile by Number Answered
Your Score History
You have not taken this quiz since the last reset